| 000 | 00839cam a22002533a 4500 | ||
|---|---|---|---|
| 001 | 31589 | ||
| 003 | PGUSA | ||
| 005 | 20140828083701.0 | ||
| 008 | 100310s2010||||xxu|||||s|||||000 1 eng d | ||
| 040 |
_aPGUSA _beng |
||
| 042 | _adc | ||
| 050 | 4 | _aPZ | |
| 100 | 1 |
_aGoodwin, Harold L. _q(Harold Leland), _d1914-1990 |
|
| 245 | 1 | 4 |
_aThe Blue Ghost Mystery : _bA Rick Brant Science-Adventure Story _h[electronic resource] / _cHarold L. Goodwin |
| 260 |
_bProject Gutenberg, _c2010 |
||
| 506 | _aPublic domain in the USA. | ||
| 516 | _aElectronic text | ||
| 653 | _aUnited States -- History -- Civil War, 1861-1865 -- Juvenile fiction | ||
| 653 | _aDetective and mystery stories | ||
| 653 | _aAbandoned mines -- Juvenile fiction | ||
| 830 | 0 |
_aProject Gutenberg _v31589 |
|
| 856 | 4 | 0 | _uhttp://www.gutenberg.org/ebooks/31589 |
| 942 | _cEB | ||
| 999 |
_c260844 _d260844 |
||